| 000 | 00548nam a22001817a 4500 | ||
|---|---|---|---|
| 005 | 20251108164858.0 | ||
| 008 | 250721s1981 xx 000 0 ara d | ||
| 082 | 1 | 4 | _a962.02/ثور |
| 100 | 1 | _aعبد المجيد، أحمد | |
| 245 | 1 | 0 |
_aالثورة العرابية : _bمائة عام / |
| 264 | 1 |
_aالقاهرة : _bدار الموقف العربي، _c1981. |
|
| 300 | _a183ص | ||
| 650 | 1 | 7 | _aالتاريخ السياسي |
| 650 | 1 | 7 | _aثورة عرابي 1882 |
| 650 | 1 | 7 | _aتاريخ مصر |
| 942 |
_2ddc _cBK |
||
| 999 |
_c16516 _d16516 |
||